Statistics for Random Cities A to Z

Click here to take the quiz!

General Stats

  • This quiz has been taken 59 times
  • The average score is 20 of 26

Answer Stats

Country#Answer% Correct
New ZealandAAuckland
96%
South AfricaJJohannesburg
96%
New ZealandWWellington
94%
CanadaQQuebec City
91%
EstoniaTTallinn
91%
NetherlandsRRotterdam
89%
GermanyDDusseldorf
85%
UKEEdinburg
85%
MoroccoFFes
85%
ZimbabweHHarare
85%
NetherlandsUUtrecht
83%
SwedenGGothenburg
81%
ChinaXXian
81%
AustriaSSalzburg
77%
USAKKansas City
74%
JapanYYokohama
72%
RussiaVVladivostok
70%
FranceBBordeaux
68%
IraqMMosul
66%
ColombiaCCali
64%
AlgeriaOOran
64%
ItalyPPalermo
64%
South KoreaIIncheon
60%
TanzaniaZZanzibar City
53%
GabonLLibreville
51%
RussiaNNovosibirsk
43%

Score Distribution

Percentile by Number Answered

Percent of People with Each Score

Your Score History

You have not taken this quiz